| 000 | 00450nam a22001697a 4500 | ||
|---|---|---|---|
| 005 | 20260515114924.0 | ||
| 008 | 220623b ||||| |||| 00| 0 eng d | ||
| 040 |
_aIN-DiNC _cIN-DiNC |
||
| 041 | _dasm | ||
| 082 | _a891.4514 | ||
| 100 |
_aGoswami Rupshree _eauthor |
||
| 245 |
_aAsomiya gadya sahityar dhar _cby Goswami Rupshree |
||
| 250 | _a1st ed. | ||
| 260 |
_aGuwahati _bPublication board of assam _c2008 |
||
| 300 | _a186p. | ||
| 942 |
_2ddc _cBK |
||
| 999 |
_c11330 _d11330 |
||